[Event "AUTO-OPEN-1041"]
[Site "http://www.queenalice.com/game.php?id=365162"]
[Date "2008.3.4"]
[Round "1"]
[White "Wilson"]
[Black "th_hoffmann"]
[Result "1-0"]
[WhiteElo "1185"]
[BlackElo "1453"]

1. Nf3 d5 2. d4 Nc6 3. Nc3 e6 4. e3 a5 5. Bb5 Nh6 6. O-O Bd6 7. e4 Ng4 8. Ng5
Bd7 9. Nxf7 Kxf7 10. Qf3+ Nf6 11. Bg5 Nxd4 12. Qd3 c5 13. exd5 c4 14. Bxc4 Qb6
15. Rae1 exd5 16. Nxd5 Qxb2 17. Nxf6+ Ne6 18. Nxd7 Qb4 19. Qf5+ Ke8 20. Bxe6 g6
21. Bf7# 1-0

[Event "AUTO-INT-841"]
[Site "http://www.queenalice.com/game.php?id=374710"]
[Date "2008.3.21"]
[Round "1"]
[White "Romerflu"]
[Black "th_hoffmann"]
[Result "0-1"]
[WhiteElo "1429"]
[BlackElo "1362"]

1. e4 Nf6 2. d3 e5 3. Bg5 c6 4. c4 Qa5+ 5. Bd2 Bb4 6. a3 d6 7. axb4 Qxa1 8. c5
d5 9. g3 b6 10. Bh3 Ba6 11. Bg5 Nbd7 12. cxb6 axb6 13. exd5 cxd5 14. Bxd7+ Nxd7
15. Nc3 Qxb2 16. Na4 Qxb4+ 17. Ke2 Bb5 18. Qd2 Qxa4 19. Nf3 Qa3 20. Rb1 Qc5 21.
Nh4 Ra3 22. Ke1 Bxd3 23. Rc1 Bc4 24. f4 f6 25. Bxf6 Nxf6 26. fxe5 Ne4 27. Qf4
Qg1+ 28. Qf1 Qxf1# 0-1

[Event "AUTO-INT-841"]
[Site "http://www.queenalice.com/game.php?id=374711"]
[Date "2008.3.21"]
[Round "1"]
[White "th_hoffmann"]
[Black "Romerflu"]
[Result "1-0"]
[WhiteElo "1402"]
[BlackElo "1411"]

1. e3 e5 2. Nf3 d6 3. c3 Bg4 4. Qa4+ c6 5. d4 b5 6. Qb3 exd4 7. Ng5 Qxg5 8. Nd2
dxe3 9. Ne4 exf2+ 10. Nxf2 Qe5+ 11. Kd2 Qe3+ 12. Kxe3 Be6 13. c4 bxc4 14. Qb7 d5
15. Qxa8 Bc5+ 16. Kf3 Ne7 17. Qxb8+ Nc8 18. Bd2 Ke7 19. Bg5+ f6 20. Qc7+ Bd7 21.
Re1+ Kf7 22. Qxd7+ Ne7 23. Nd1 fxg5 24. Ne3 d4 25. Ng4 d3 26. Ne5+ Kf6 27. Ng4+
Kf7 28. Re6 h5 29. Ne5+ Kg8 30. Nxc4 g4+ 31. Kg3 Nf5+ 32. Kf4 d2 33. Nxd2 Ne3
34. Bd3 Nxg2+ 35. Kg3 Ne3 36. Re8+ Bf8 37. Qe6# 1-0

[Event "AUTO-INT-841"]
[Site "http://www.queenalice.com/game.php?id=374724"]
[Date "2008.3.21"]
[Round "1"]
[White "PH_gga"]
[Black "th_hoffmann"]
[Result "0-1"]
[WhiteElo "1316"]
[BlackElo "1362"]

1. e3 Nf6 2. Bd3 d5 3. Nf3 e6 4. O-O Bd6 5. Ng5 Ng4 6. Qxg4 f5 7. Qh5+ g6 8. Qh6
Be7 9. Nxh7 Bf8 10. Qh3 Qe7 11. Bb5+ c6 12. Ba4 Rxh7 13. Qg3 Qf6 14. Nc3 b6 15.
d4 Ba6 16. Qe5 Qh4 17. Qxe6+ Be7 18. Qxg6+ Kd8 19. Qxf5 Qxh2# 0-1

[Event "AUTO-INT-841"]
[Site "http://www.queenalice.com/game.php?id=374725"]
[Date "2008.3.21"]
[Round "1"]
[White "th_hoffmann"]
[Black "PH_gga"]
[Result "0-1"]
[WhiteElo "1367"]
[BlackElo "1373"]

1. e3 c6 2. b4 d6 3. e4 e6 4. d4 Be7 5. Nh3 Nf6 6. Nc3 O-O 7. Ng5 Qb6 8. Be3
Qxb4 9. Qd2 Nfd7 10. a3 Qb2 11. Ra2 Qb6 12. Bc4 h6 13. Nxe6 fxe6 14. Bxe6+ Kh8
15. Bxh6 Rf6 16. Na4 Qb1+ 17. Ke2 Rxe6 18. Rxb1 gxh6 19. Rb3 Rxe4+ 20. Re3 Bg5
21. Qd3 Rxe3+ 22. fxe3 Nf6 23. Qg6 Bg4+ 24. Kd3 Na6 25. Ra1 Re8 26. Re1 Rg8 27.
Qf7 Bf5+ 28. Kc3 Rg7 29. Qf8+ Rg8 30. Qxd6 Ne4+ 31. Kc4 Nxd6+ 32. Kb3 Be6+ 33.
Kb2 Ne4 0-1

[Event "AUTO-INT-841"]
[Site "http://www.queenalice.com/game.php?id=374734"]
[Date "2008.3.21"]
[Round "1"]
[White "th_hoffmann"]
[Black "J_Ricardo"]
[Result "0-1"]
[WhiteElo "1411"]
[BlackElo "1615"]

1. e3 Nf6 2. d4 e6 3. c3 d5 4. Qa4+ Nc6 5. Na3 a6 6. Nb5 Ne4 7. Nh3 Be7 8. Be2
h6 9. b3 Bd7 10. f3 axb5 11. Qxb5 Nxc3 12. Qxb7 Bb4 13. O-O Nxe2+ 14. Kf2 Bc3
15. Rb1 Rxa2 16. Qb5 Nxc1+ 17. Kg3 Ne2+ 18. Kf2 Nf4+ 19. Kg3 Nxh3 20. f4 Ne7 21.
Qc5 Rc2 22. gxh3 Nf5+ 23. Kf3 Qh4 24. Rg1 Qxh3+ 25. Rg3 Nxg3 26. hxg3 e5 27.
Qxd5 Bg4+ 28. Ke4 Bf5+ 29. Kxe5 Be6 30. Qa8+ Ke7 31. Qxh8 Qf5# 0-1

[Event "AUTO-INT-841"]
[Site "http://www.queenalice.com/game.php?id=374735"]
[Date "2008.3.21"]
[Round "1"]
[White "J_Ricardo"]
[Black "th_hoffmann"]
[Result "1-0"]
[WhiteElo "1587"]
[BlackElo "1407"]

1. e4 d6 2. Bc4 e6 3. d4 c6 4. Nf3 b5 5. Bb3 Be7 6. Bf4 Na6 7. a3 Qa5+ 8. Bd2 b4
9. e5 c5 10. dxc5 Nxc5 11. Bxb4 Qb5 12. exd6 Bf6 13. Nd4 Qb6 14. Nf3 Ne4 15. Qe2
Bb7 16. Nbd2 Nxd6 17. O-O Nc8 18. Nc4 Qd8 19. Ba4+ Qd7 20. Bxd7+ Kxd7 21. Rad1+
Bd5 22. Nfd2 Bxb2 23. Nxb2 Nf6 24. Qb5+ Bc6 25. Qd3+ Ke8 26. Rde1 a5 27. Bc5 Rb8
28. Nbc4 Rb5 29. Qe3 Nd5 30. Qd4 f6 31. Rxe6+ Kd7 32. Rfe1 Kc7 33. a4 Rb7 34.
Nxa5 Bd7 35. Qxd5 Rb2 36. Bd6+ Kd8 37. Nb7+ Rxb7 38. Qxb7 h5 39. Qc7# 1-0

[Event "AUTO-INT-852"]
[Site "http://www.queenalice.com/game.php?id=380442"]
[Date "2008.4.1"]
[Round "1"]
[White "th_hoffmann"]
[Black "caina16"]
[Result "0-1"]
[WhiteElo "1379"]
[BlackElo "1625"]

1. e4 e5 2. Nf3 Nc6 3. c4 d6 4. d3 Bg4 5. Bg5 Nf6 6. Nc3 Be7 7. Qa4 O-O 8. Be3
Re8 9. Ng5 h6 10. h3 Bd7 11. Nb5 a6 12. Nc3 Nd4 13. Qd1 b5 14. Be2 Nxe2 15. Nxe2
c5 16. b3 b4 17. a3 a5 18. Nf3 Bc6 19. Nd2 bxa3 0-1

[Event "AUTO-INT-852"]
[Site "http://www.queenalice.com/game.php?id=380443"]
[Date "2008.4.1"]
[Round "1"]
[White "caina16"]
[Black "th_hoffmann"]
[Result "1-0"]
[WhiteElo "1631"]
[BlackElo "1373"]

1. e4 Nf6 2. e5 Nd5 3. d4 e6 4. Nf3 d6 5. Bb5+ c6 6. Bc4 b5 7. Bb3 Be7 8. Bd2 a5
9. a3 a4 10. Ba2 c5 11. dxc5 dxc5 12. Nc3 c4 13. Nxb5 Qb6 14. Bxc4 Nc6 15. Bg5
Bc5 16. O-O Ba6 17. Nd6+ Kd7 18. Bxa6 Rxa6 19. Nc4 Qb5 20. b3 1-0

[Event "AUTO-INT-852"]
[Site "http://www.queenalice.com/game.php?id=380444"]
[Date "2008.4.1"]
[Round "1"]
[White "th_hoffmann"]
[Black "Isaiasrochac"]
[Result "0-1"]
[WhiteElo "1391"]
[BlackElo "1629"]

1. e4 e5 2. Nf3 d6 3. c4 Nf6 4. d3 Be7 5. Be2 O-O 6. Ng5 Nfd7 7. h4 Bxg5 8. Bxg5
Nf6 9. Qb3 Nc6 10. Nc3 h6 11. Be3 a6 12. Na4 Bd7 13. c5 dxc5 14. Nxc5 a5 15. Rh3
Bxh3 16. gxh3 b6 17. Na4 Nd4 18. Qd1 Nxe2 19. Qxe2 b5 20. Nc5 c6 21. d4 exd4 22.
Bf4 a4 23. e5 Nd5 24. Qe4 Qxh4 25. Nd3 Qxh3 0-1

[Event "AUTO-INT-852"]
[Site "http://www.queenalice.com/game.php?id=380445"]
[Date "2008.4.1"]
[Round "1"]
[White "Isaiasrochac"]
[Black "th_hoffmann"]
[Result "1-0"]
[WhiteElo "1635"]
[BlackElo "1385"]

1. e4 Nf6 2. e5 Nd5 3. d4 c6 4. Bc4 Qa5+ 5. Bd2 Qb6 6. Bxd5 e6 7. Bf3 Qxd4 8.
Qe2 Qxb2 9. Bc3 Qc1+ 10. Qd1 Qg5 11. Nh3 Qh4 12. O-O d5 13. Bd2 b6 14. Nc3 Ba6
15. Be2 b5 16. a3 Bc5 17. Nf4 Nd7 18. Nd3 b4 19. axb4 Bd4 20. Rxa6 Nb8 21. Ra1
O-O 22. Rb1 Nd7 23. Qc1 Nxe5 24. Nxe5 Bxe5 25. g3 1-0

[Event "AUTO-INT-852"]
[Site "http://www.queenalice.com/game.php?id=380446"]
[Date "2008.4.1"]
[Round "1"]
[White "th_hoffmann"]
[Black "camilleetgeorges"]
[Result "0-1"]
[WhiteElo "1394"]
[BlackElo "1716"]

1. d4 d5 2. c3 e6 3. Nf3 Nf6 4. Qd3 Be7 5. Bf4 Nbd7 6. b4 a6 7. e3 b5 8. a4 Bb7
9. Be2 c6 10. a5 O-O 11. Ng5 h6 12. Nh3 Nh7 13. e4 dxe4 14. Qxe4 Ra7 15. Bd3 f5
16. Qxe6+ Kh8 17. Bxf5 Rf6 18. Nd2 Rxe6+ 19. Bxe6 Ndf6 20. O-O Bc8 21. Rfe1 Bxe6
22. Rxe6 Nd5 23. Rae1 Nxf4 0-1

[Event "AUTO-INT-852"]
[Site "http://www.queenalice.com/game.php?id=380447"]
[Date "2008.4.1"]
[Round "1"]
[White "camilleetgeorges"]
[Black "th_hoffmann"]
[Result "0-1"]
[WhiteElo "1517"]
[BlackElo "1388"]

1. Nf3 d5 2. d4 e6 3. Nc3 Nh6 4. Bg5 f6 5. Bxh6 gxh6 6. e3 Rg8 7. Qd2 Bd7 8. Bd3
f5 9. O-O Qf6 10. a3 Qg6 11. Ne5 Qxg2# 0-1

[Event "AUTO-INT-857"]
[Site "http://www.queenalice.com/game.php?id=382984"]
[Date "2008.4.6"]
[Round "1"]
[White "mvson33"]
[Black "th_hoffmann"]
[Result "1-0"]
[WhiteElo "1745"]
[BlackElo "1396"]

1. e4 e6 2. d4 Nf6 3. Bg5 c5 4. Nf3 d5 5. e5 Qa5+ 6. c3 Ng4 7. Nbd2 Na6 8. Nb3
Qa4 9. Bxa6 Qxa6 10. Nxc5 b6 11. Nxa6 Bxa6 12. Qa4+ b5 13. Qxa6 f6 14. Qxb5+ Kf7
15. exf6 gxf6 16. Qd7+ Kg6 17. Bxf6 1-0

[Event "AUTO-INT-857"]
[Site "http://www.queenalice.com/game.php?id=382985"]
[Date "2008.4.6"]
[Round "1"]
[White "th_hoffmann"]
[Black "mvson33"]
[Result "0-1"]
[WhiteElo "1398"]
[BlackElo "1743"]

1. e4 e5 2. Nf3 Nc6 3. c3 Nf6 4. d4 exd4 5. Bd3 Bc5 6. cxd4 Nxd4 7. Nh4 d6 8.
O-O Nxe4 9. Bxe4 Qxh4 10. Qd3 O-O 11. a3 a5 12. Nc3 Nb3 13. Rb1 a4 14. Nxa4 Nxc1
15. Qc4 Bf5 16. Re1 Qxf2+ 0-1

[Event "AUTO-INT-857"]
[Site "http://www.queenalice.com/game.php?id=382998"]
[Date "2008.4.6"]
[Round "1"]
[White "julick"]
[Black "th_hoffmann"]
[Result "0-1"]
[WhiteElo "1306"]
[BlackElo "1339"]

1. e4 Nc6 2. d4 e6 3. f3 b6 4. e5 d6 5. Bb5 Qd7 6. d5 exd5 7. Qxd5 Bb7 8. f4 a6
9. Be2 Nge7 10. Qd2 Ng6 11. Nf3 Qf5 12. g3 dxe5 13. Rf1 Bc5 14. Bd3 Qg4 15. Qe2
Nce7 16. Nxe5 Qxe2+ 17. Kxe2 Nf8 0-1

[Event "AUTO-INT-857"]
[Site "http://www.queenalice.com/game.php?id=382999"]
[Date "2008.4.6"]
[Round "1"]
[White "th_hoffmann"]
[Black "julick"]
[Result "1-0"]
[WhiteElo "1354"]
[BlackElo "1291"]

1. e4 e5 2. Bc4 f6 3. Nc3 Ne7 4. d3 Ng6 5. Nh3 c6 6. b4 b5 7. Bb3 d6 8. a4 Bxh3
9. axb5 cxb5 10. Bd5 Bxg2 11. Rg1 Nc6 12. Bxc6+ Ke7 13. Bxa8 Qxa8 14. Rxg2 Nh4
15. Nd5+ Kf7 16. Qh5+ g6 17. Qxh4 1-0

[Event "AUTO-INT-857"]
[Site "http://www.queenalice.com/game.php?id=383006"]
[Date "2008.4.6"]
[Round "1"]
[White "pjanderson"]
[Black "th_hoffmann"]
[Result "1-0"]
[WhiteElo "1748"]
[BlackElo "1387"]

1. e4 e5 2. Nf3 d6 3. Bc4 Nh6 4. d3 Qf6 5. Bxh6 Qxh6 6. O-O Nc6 7. Bb5 Bd7 8.
Nc3 a6 9. Bxc6 bxc6 10. Ne2 Rb8 11. b3 c5 12. a4 Rb4 13. c3 Rb7 14. Qc1 Qh5 15.
Ng3 Qg6 16. Rb1 Be6 17. c4 Be7 18. Qc3 Ra7 19. b4 O-O 20. bxc5 a5 21. cxd6 Bxd6
22. c5 Be7 23. Nxe5 Qg5 24. Nc6 Ra6 25. Nxe7+ Qxe7 26. d4 Bg4 27. d5 Rc8 28. f3
Bd7 29. c6 Be8 30. Nf5 Qf8 31. Qe5 f6 32. Ne7+ Kh8 33. Qe6 1-0

[Event "AUTO-INT-857"]
[Site "http://www.queenalice.com/game.php?id=383007"]
[Date "2008.4.6"]
[Round "1"]
[White "th_hoffmann"]
[Black "pjanderson"]
[Result "0-1"]
[WhiteElo "1385"]
[BlackElo "1750"]

1. Nf3 b6 2. e3 Bb7 3. d4 Nf6 4. Bd2 e6 5. Bd3 Bd6 6. Nh4 O-O 7. O-O c5 8. Re1
cxd4 9. exd4 Nc6 10. c3 Nd5 11. Qg4 f5 12. Qh5 g6 13. Nxg6 Nf6 14. Qh6 Ng4 15.
Na3 Nxh6 16. Nc4 Rf6 17. Nxd6 Qc7 18. Nb5 Qb8 19. Nh4 a6 20. Nd6 Qxd6 21. Bg5
Rf7 22. Bxh6 e5 23. Bxf5 Qxh6 24. Re4 Rg7 25. Rd1 exd4 26. Nf3 Qf6 27. Nh4 Ne7
28. g3 Bxe4 29. Bxe4 d5 30. Bf3 dxc3 31. bxc3 Rd8 32. c4 d4 0-1